000
00322nam a2200145Ia 4500
008
221030s9999 xx 000 0 und d
041
_a
English
082
_a
105.23
_b
Eve
100
_a
G. C. Everest
245
0
_a
Database Management
260
_b
TMH
_a
New Delhi
_c
2001
300
_a
816
650
_a
COMPUTERS
942
_c
BK
999
_c
89
_d
89